[Event "45.C.to Italiano"]
[Site "Chianciano Terme ITA"]
[Date "1985.10.21"]
[Round "9.7"]
[White "Vallifuoco, Giacomo"]
[Black "Bellia, Fabrizio"]
[Result "1-0"]
[WhiteElo "2305"]
[BlackElo "2215"]
[Annotator "Gabriele Ballarin"]
[PlyCount "79"]
[EventDate "1985.10.12"]
[EventType "tourn"]
[EventRounds "13"]
[EventCountry "ITA"]
[EventCategory "2"]

1. d4 Nf6 2. c4 g6 3. Nc3 Bg7 4. e4 d6 5. Nf3 O-O 6. Be2 e5 7. O-O Nc6 8. d5 Ne7 9. Ne1 Nd7 10. f3 f5 11. g4 Nf6 12. Nd3 Kh8 13. Be3 Rf7 14. c5 Qf8 15. Rc1 Neg8 16. cxd6 cxd6 17. Nb5 f4 18. Bf2 Nxg4 19. fxg4 f3 20. Nxd6 Bxg4 21. Nxf7+ Qxf7 22. Nxe5 Bxe5 23. Bd4 fxe2 24. Bxe5+ Nf6 25. Qd4 exf1=Q+ 26. Rxf1 Kg8 27. Rxf6 Qd7 28. Qf2 Bh3 29. Qg3 Qg4 30. Qxg4 Bxg4 31. Bc3 Re8 32. e5 Bf5 33. e6 Rf8 34. Kf2 Re8 35. Ke3 a6 36. Kf4 Bh3 37. Rf7 Bg2 38. Rg7+ Kf8 39. Rf7+ Kg8 40. Ke5 $138 1-0

[Event "45.C.to Italiano"]
[Site "Chianciano Terme ITA"]
[Date "1985.10.22"]
[Round "10.3"]
[White "Martorelli, Antonio"]
[Black "Tatai, Stefano"]
[Result "0-1"]
[WhiteElo "2315"]
[BlackElo "2425"]
[Annotator "Gabriele Ballarin"]
[PlyCount "72"]
[EventDate "1985.10.12"]
[EventType "tourn"]
[EventRounds "13"]
[EventCountry "ITA"]
[EventCategory "2"]

1. e4 c5 2. Nf3 Nc6 3. d4 cxd4 4. Nxd4 g6 5. Be2 Bg7 6. Nb3 Nf6 7. Nc3 d6 8. O-O O-O 9. Be3 Be6 10. f4 Qc8 11. Kh1 Bg4 12. Bg1 e5 13. Bxg4 Qxg4 14. f5 Qxd1 15. Raxd1 Rfd8 16. a3 Ne7 17. fxg6 hxg6 18. Rd3 Ne8 19. Be3 Rdc8 20. g4 b6 21. g5 Rc6 22. Bc1 Nc7 23. Nd2 Rf8 24. Rf2 f5 25. gxf6 Rxf6 26. Rxf6 Bxf6 27. Nf1 Kf7 28. a4 Ke6 29. b4 d5 30. b5 Rc4 31. Nd2 Rd4 32. Nf3 Rxe4 33. Rxd5 Rc4 34. Rd3 e4 35. Nxe4 Rxe4 36. Ba3 Ned5 0-1

[Event "45.C.to Italiano"]
[Site "Chianciano Terme ITA"]
[Date "1985.10.22"]
[Round "10.7"]
[White "Ceschia, Ivano"]
[Black "Sanna, Gianlazzaro"]
[Result "1/2-1/2"]
[WhiteElo "2315"]
[BlackElo "2385"]
[Annotator "Gabriele Ballarin"]
[PlyCount "76"]
[EventDate "1985.10.12"]
[EventType "tourn"]
[EventRounds "13"]
[EventCountry "ITA"]
[EventCategory "2"]

1. e4 c5 2. Nf3 Nc6 3. d4 cxd4 4. Nxd4 Nf6 5. Nc3 d6 6. Bc4 Qb6 7. Ndb5 a6 8. Be3 Qa5 9. Nd4 e6 10. O-O Be7 11. Bb3 O-O 12. f4 Nxd4 13. Bxd4 e5 14. Be3 Ng4 15. Nd5 Nxe3 16. Nxe7+ Kh8 17. Qh5 Qd8 18. Qh4 Re8 19. Rf3 Qxe7 20. Qxe7 Rxe7 21. Rxe3 exf4 22. Rd3 Rxe4 23. Rxd6 Be6 24. Rad1 Re8 25. Bxe6 R4xe6 26. Rd7 f5 27. Rxb7 g5 28. Rbd7 g4 29. Rd8 Kg7 30. Rxe8 Rxe8 31. Kf2 Kf6 32. c4 Rc8 33. b3 Ke5 34. h4 Rc6 35. Re1+ Kd4 36. Rd1+ Ke5 37. Re1+ Kd4 38. Rd1+ Ke5 1/2-1/2

[Event "45.C.to Italiano"]
[Site "Chianciano Terme ITA"]
[Date "1985.10.23"]
[Round "11.2"]
[White "Belotti, Bruno"]
[Black "Ceschia, Ivano"]
[Result "1/2-1/2"]
[WhiteElo "2355"]
[BlackElo "2315"]
[Annotator "Gabriele Ballarin"]
[PlyCount "37"]
[EventDate "1985.10.12"]
[EventType "tourn"]
[EventRounds "13"]
[EventCountry "ITA"]
[EventCategory "2"]

1. e4 c5 2. Nf3 Nf6 3. Nc3 Nc6 4. d4 d5 5. exd5 Nxd5 6. Bb5 Nxc3 7. bxc3 e6 8. O-O Be7 9. Ne5 Bd7 10. Nxd7 Qxd7 11. Qg4 O-O 12. Bh6 Bf6 13. Rad1 cxd4 14. cxd4 a6 15. Bd3 Rfd8 16. c3 Ne7 17. Bg5 Bxg5 18. Qxg5 h6 19. Qa5 1/2-1/2

[Event "45.C.to Italiano"]
[Site "Chianciano Terme ITA"]
[Date "1985.10.23"]
[Round "11.5"]
[White "Tatai, Stefano"]
[Black "Zichichi, Alvise"]
[Result "1/2-1/2"]
[WhiteElo "2425"]
[BlackElo "2390"]
[Annotator "Gabriele Ballarin"]
[PlyCount "22"]
[EventDate "1985.10.12"]
[EventType "tourn"]
[EventRounds "13"]
[EventCountry "ITA"]
[EventCategory "2"]

1. d4 d5 2. c4 e6 3. Nc3 Nf6 4. Bg5 Be7 5. e3 O-O 6. Nf3 Nbd7 7. Rc1 c6 8. Bd3 dxc4 9. Bxc4 Nd5 10. Bxe7 Qxe7 11. Ne4 Qb4+ 1/2-1/2

[Event "45.C.to Italiano"]
[Site "Chianciano Terme ITA"]
[Date "1985.10.23"]
[Round "11.6"]
[White "Vallifuoco, Giacomo"]
[Black "Martorelli, Antonio"]
[Result "1-0"]
[WhiteElo "2305"]
[BlackElo "2315"]
[Annotator "Gabriele Ballarin"]
[PlyCount "37"]
[EventDate "1985.10.12"]
[EventType "tourn"]
[EventRounds "13"]
[EventCountry "ITA"]
[EventCategory "2"]

1. d4 Nf6 2. c4 g6 3. Nc3 d5 4. cxd5 Nxd5 5. e4 Nxc3 6. bxc3 Bg7 7. Bc4 c5 8. Ne2 O-O 9. O-O Nc6 10. Be3 Qc7 11. Rc1 Rd8 12. Qd2 Qa5 13. Rfd1 cxd4 14. cxd4 Bd7 15. Qb2 b5 16. Qxb5 Qxb5 17. Bxb5 Nxd4 18. Nxd4 Bxd4 19. Bxd7 1-0

[Event "45.C.to Italiano"]
[Site "Chianciano Terme ITA"]
[Date "1985.10.23"]
[Round "11.7"]
[White "Bellia, Fabrizio"]
[Black "Passerotti, Pierluigi"]
[Result "1-0"]
[WhiteElo "2215"]
[BlackElo "2295"]
[Annotator "Gabriele Ballarin"]
[PlyCount "51"]
[EventDate "1985.10.12"]
[EventType "tourn"]
[EventRounds "13"]
[EventCountry "ITA"]
[EventCategory "2"]

1. e4 c5 2. Nf3 d6 3. d4 cxd4 4. Nxd4 Nf6 5. Nc3 a6 6. f4 e5 7. Nf3 Qc7 8. Bd3 b5 9. O-O Nbd7 10. Kh1 Bb7 11. Qe1 Be7 12. fxe5 dxe5 13. Bg5 h6 14. Bd2 b4 15. Nd5 Nxd5 16. exd5 O-O 17. Nh4 Bxd5 18. Nf5 Rfe8 19. Qg3 Bf6 20. Nxg7 Bxg7 21. Bxh6 Kf8 22. Qxg7+ Ke7 23. Bg5+ Kd6 24. Rac1 Rg8 25. Qh6+ Kc5 26. Be3# 1-0

[Event "45.C.to Italiano"]
[Site "Chianciano Terme ITA"]
[Date "1985.10.24"]
[Round "12.2"]
[White "Martorelli, Antonio"]
[Black "Bellia, Fabrizio"]
[Result "1-0"]
[WhiteElo "2315"]
[BlackElo "2215"]
[Annotator "Gabriele Ballarin"]
[PlyCount "81"]
[EventDate "1985.10.12"]
[EventType "tourn"]
[EventRounds "13"]
[EventCountry "ITA"]
[EventCategory "2"]

1. e4 e5 2. Nf3 Nc6 3. Nc3 Bc5 4. Nxe5 Nxe5 5. d4 Bd6 6. dxe5 Bxe5 7. f4 Bxc3+ 8. bxc3 Nf6 9. e5 Ne4 10. Qd5 Qh4+ 11. g3 Nxg3 12. hxg3 Qxg3+ 13. Kd1 d6 14. Qd3 Bg4+ 15. Be2 Qg2 16. Rh4 Qf1+ 17. Kd2 Qxf4+ 18. Ke1 Bxe2 19. Bxf4 Bxd3 20. cxd3 dxe5 21. Bxe5 O-O-O 22. Kd2 f6 23. Bd4 Rd7 24. Rah1 h6 25. R4h3 Kd8 26. Rg1 a6 27. Rhg3 c5 28. Bxc5 Rh7 29. Ke3 Ke8 30. c4 Kf7 31. a4 g5 32. Rf1 Kg6 33. Rgf3 Rhf7 34. Rf5 h5 35. d4 h4 36. d5 h3 37. Bd4 Rde7+ 38. Kd3 g4 39. Bxf6 h2 40. Rg5+ Kh6 41. Rxg4 1-0

[Event "45.C.to Italiano"]
[Site "Chianciano Terme ITA"]
[Date "1985.10.24"]
[Round "12.3"]
[White "Zichichi, Alvise"]
[Black "Vallifuoco, Giacomo"]
[Result "1/2-1/2"]
[WhiteElo "2390"]
[BlackElo "2305"]
[Annotator "Gabriele Ballarin"]
[PlyCount "21"]
[EventDate "1985.10.12"]
[EventType "tourn"]
[EventRounds "13"]
[EventCountry "ITA"]
[EventCategory "2"]

1. c4 Nf6 2. Nc3 c5 3. e4 Nc6 4. g3 g6 5. Bg2 Bg7 6. d3 O-O 7. Be3 d6 8. h3 a6 9. Nge2 Rb8 10. a4 Ne8 11. O-O 1/2-1/2

[Event "45.C.to Italiano"]
[Site "Chianciano Terme ITA"]
[Date "1985.10.24"]
[Round "12.6"]
[White "Ceschia, Ivano"]
[Black "Cocozza, Mario"]
[Result "1/2-1/2"]
[WhiteElo "2315"]
[BlackElo "2380"]
[Annotator "Gabriele Ballarin"]
[PlyCount "32"]
[EventDate "1985.10.12"]
[EventType "tourn"]
[EventRounds "13"]
[EventCountry "ITA"]
[EventCategory "2"]

1. e4 c6 2. d4 d5 3. Nc3 dxe4 4. Nxe4 Nd7 5. Bc4 Ngf6 6. Ng5 e6 7. Qe2 Nb6 8. Bb3 h6 9. N5f3 a5 10. a3 a4 11. Ba2 c5 12. dxc5 Bxc5 13. Ne5 O-O 14. Ngf3 Nbd7 15. O-O Nxe5 16. Nxe5 b6 1/2-1/2

[Event "45.C.to Italiano"]
[Site "Chianciano Terme ITA"]
[Date "1985.10.24"]
[Round "12.7"]
[White "Sanna, Gianlazzaro"]
[Black "Belotti, Bruno"]
[Result "1/2-1/2"]
[WhiteElo "2385"]
[BlackElo "2355"]
[Annotator "Gabriele Ballarin"]
[PlyCount "25"]
[EventDate "1985.10.12"]
[EventType "tourn"]
[EventRounds "13"]
[EventCountry "ITA"]
[EventCategory "2"]

1. d4 Nf6 2. c4 g6 3. Nc3 Bg7 4. e4 d6 5. f3 O-O 6. Bg5 c5 7. d5 e6 8. Qd2 exd5 9. cxd5 h6 10. Be3 a6 11. a4 Nh7 12. Nge2 Nd7 13. Nc1 1/2-1/2

[Event "45.C.to Italiano"]
[Site "Chianciano Terme ITA"]
[Date "1985.10.26"]
[Round "13.2"]
[White "Cocozza, Mario"]
[Black "Sanna, Gianlazzaro"]
[Result "1/2-1/2"]
[WhiteElo "2380"]
[BlackElo "2385"]
[Annotator "Gabriele Ballarin"]
[PlyCount "28"]
[EventDate "1985.10.12"]
[EventType "tourn"]
[EventRounds "13"]
[EventCountry "ITA"]
[EventCategory "2"]

1. e4 d6 2. d4 Nf6 3. Nc3 g6 4. Nf3 Bg7 5. Be2 O-O 6. O-O Bg4 7. h3 Bxf3 8. Bxf3 Nc6 9. d5 Ne5 10. Be2 c6 11. dxc6 bxc6 12. Be3 c5 13. Qd2 Nc6 14. Rad1 Nd7 1/2-1/2

[Event "45.C.to Italiano"]
[Site "Chianciano Terme ITA"]
[Date "1985.10.26"]
[Round "13.7"]
[White "Passerotti, Pierluigi"]
[Black "Martorelli, Antonio"]
[Result "1/2-1/2"]
[WhiteElo "2295"]
[BlackElo "2315"]
[Annotator "Gabriele Ballarin"]
[PlyCount "20"]
[EventDate "1985.10.12"]
[EventType "tourn"]
[EventRounds "13"]
[EventCountry "ITA"]
[EventCategory "2"]

1. e4 e5 2. Nf3 Nc6 3. Bb5 a6 4. Ba4 Nf6 5. O-O Be7 6. Re1 b5 7. Bb3 O-O 8. c3 d6 9. h3 Nb8 10. d4 Nbd7 1/2-1/2

[Event "3. Nazionale ARCI"]
[Site "Padova"]
[Date "1985.11.23"]
[Round "1"]
[White "Veneruso, Marco"]
[Black "Dorigo, Tommaso"]
[Result "1/2-1/2"]
[WhiteElo "1400"]
[BlackElo "1400"]
[Annotator "T.Dorigo"]
[PlyCount "58"]
[EventDate "1985.11.??"]
[EventType "swiss"]
[EventCountry "ITA"]

1. d4 d5 2. c4 e6 3. Nc3 Nf6 4. Bg5 Nbd7 5. Nf3 c6 6. e3 Qa5 7. Bxf6 Nxf6 8. Bd3 Bb4 9. Qc2 dxc4 10. Bxc4 Nd5 $146 (10... O-O 11. O-O c5 12. Ne4 Nxe4 13. Qxe4 cxd4 14. Nxd4 Bd6 15. Nb5 Bb8 16. Rfd1 a6 17. Nd6 Qh5 18. h3 Rd8 19. Qf4 b5 20. Be2 Qxe2 21. Qxf7+ Kh8 22. Qe7 {1-0 Bouland,S-Nuvoloni,D/Paris-ch 1992}) 11. Bxd5 $6 (11. Rc1 O-O 12. O-O Nxc3 13. bxc3 Bd6 $11) 11... exd5 12. O-O O-O 13. Na4 Bd6 14. h3 Bd7 (14... Qd8 15. Nc5 Qf6 16. Qe2 Re8 17. Rfc1 $15) 15. Nc5 Qc7 16. Rac1 Rae8 17. Qa4 a6 18. Nxd7 Qxd7 $15 19. b4 Re6 20. a3 Rg6 21. Kh1 Rh6 22. Ng1 Re8 23. Qc2 Re4 24. Qe2 Reh4 25. f4 Re6 26. Qf2 Rhh6 27. Nf3 Re7 28. Ne5 Qe8 29. Rce1 f6 (29... f6 30. Nd3 Qg6 31. Qe2 Rh4 $17) 1/2-1/2

[Event "3. Nazionale ARCI"]
[Site "Padova"]
[Date "1985.11.23"]
[Round "2"]
[White "Bonivento, Sandro"]
[Black "Dorigo, Tommaso"]
[Result "1/2-1/2"]
[WhiteElo "1400"]
[BlackElo "1400"]
[Annotator "T.Dorigo"]
[PlyCount "58"]
[EventDate "1985.11.??"]
[EventType "swiss"]
[EventCountry "ITA"]

1. e4 Nf6 2. e5 Nd5 3. Nf3 d6 4. Bc4 e6 (4... c6 5. h3 dxe5 6. Nxe5 g6 7. Qf3 Be6 8. O-O Nd7 9. d4 Nxe5 10. dxe5 Bg7 11. Re1 O-O 12. Bb3 a5 13. Qe4 a4 14. Bc4 b5 15. Bxd5 Bxd5 16. Qh4 Qc7 17. Bh6 Bxe5 18. Bxf8 Rxf8 19. Nc3 {Fernandez,J-Pacorro,F/ESP-chT 1993/0-1}) 5. d4 Nb6 6. Bd3 Be7 7. O-O $146 (7. c3 Nc6 8. Nbd2 dxe5 9. Nb3 exd4 10. cxd4 Qd5 11. Qe2 Nb4 12. Bb1 Bd7 13. Qe5 Bb5 14. Qxd5 exd5 15. Nc5 Bxc5 16. dxc5 Na4 17. a3 Nd3+ 18. Bxd3 Bxd3 19. Kd2 Be4 20. b4 Bxf3 21. gxf3 Kd7 {Stewart jr,J-Larsen,K/USA-op Los Angeles 1991/0-1}) 7... O-O 8. c4 Nc6 9. Nc3 Nd7 10. Re1 dxe5 11. dxe5 Nc5 12. Bb1 Qxd1 13. Rxd1 Rd8 14. Rxd8+ Bxd8 15. Be3 Be7 16. Nb5 a6 17. Nbd4 Bd7 18. a3 Nxd4 19. Nxd4 a5 20. Bc2 Rd8 21. f4 Na6 22. Rd1 Bc5 23. Kf2 g6 24. Nb3 Bxe3+ 25. Kxe3 b6 26. Be4 Kf8 27. Bc6 Ke7 28. Bxd7 Rxd7 29. Rxd7+ Kxd7 1/2-1/2

[Event "3. Nazionale ARCI"]
[Site "Padova"]
[Date "1985.11.24"]
[Round "3"]
[White "Dorigo, Tommaso"]
[Black "Cincotto, Daniele"]
[Result "1-0"]
[WhiteElo "1400"]
[BlackElo "1400"]
[Annotator "T.Dorigo"]
[PlyCount "57"]
[EventDate "1985.11.??"]
[EventType "swiss"]
[EventCountry "ITA"]

1. e4 d5 2. exd5 Qxd5 3. Nc3 Qa5 4. d4 Nf6 5. Nf3 Bg4 6. h3 Bh5 7. g4 (7. Bb5+ c6 8. Be2 Nbd7 9. O-O e6 10. Bd2 Qc7 11. Ne5 Nxe5 12. Bxh5 Nxh5 13. Qxh5 Nd7 14. Rab1 Nf6 15. Qf3 h6 16. Rfe1 Be7 17. Ne4 Nxe4 18. Qxe4 O-O 19. b4 Bf6 20. Rb3 Qd7 21. Rd3 Qd5 {Brauer,C-Perevertkin,V/Pardubice op 1992/0-1}) 7... Bg6 8. Bd2 Qb6 $146 (8... e6 9. Bg2 c6 10. O-O Qc7 11. Ne5 Nbd7 12. Bf4 Bd6 13. Qe2 O-O-O 14. b4 Bxe5 15. dxe5 Nd5 16. Bxd5 exd5 17. b5 Nc5 18. bxc6 bxc6 19. Rab1 h5 20. Na4 Nb7 21. Qa6 Bd3 22. cxd3 g5 23. Nc5 gxf4 24. Rxb7 {1-0 Zhao Min Jun-Jerez Infante,J/WchJM-U14 St.Lorenzo 1995}) 9. Na4 $6 Qc6 10. Nc3 (10. c4 e6 11. Nc3 Nbd7 12. Qe2 O-O-O $11) 10... a6 (10... Bxc2 $2 11. Qxc2 Qxf3 12. Rg1 $18 {[%csl Rf3][%cal Yf1g2]}) 11. Be3 (11. Bg2 e6 12. Nh4 Qb6 13. Nxg6 hxg6 14. g5 Nfd7 $13) 11... Ne4 $1 (11... Bxc2 12. Qxc2 Qxf3 13. Rg1 Qc6 14. Bg2 $16) 12. Nxe4 Bxe4 13. Ne5 Qxc2 $2 (13... Qa4 $1 14. Qd2 {[%csl Ra4][%cal Yb2b3,Ye5c4]} Nc6 15. b3 Nxe5 16. dxe5 Qc6 17. Rg1 Bf3 $15) 14. Qxc2 Bxc2 15. Rc1 Be4 16. Rxc7 {[%csl Re8][%cal Yc7c8]} Nd7 $2 (16... Nc6 17. f3 Bd5 18. Bc4 Bxc4 19. Nxc4 Rb8 $11) 17. f3 $1 $18 Nxe5 18. fxe4 Nc6 19. Rxb7 e6 20. Rb6 (20. Rc7 Nd8 21. Rc2 $18) 20... Nb4 21. a3 Nc2+ 22. Kd2 Nxe3 23. Kxe3 a5 $6 (23... h5 24. gxh5 e5 25. Bxa6 Rxh5 26. Bb5+ $18) 24. Bb5+ Kd8 25. Rc1 (25. Rb7 $1 {[%csl Rd8,Rf7][%cal Yb7d7,Yd7f7,Yh1c1]}) 25... g6 26. Kf3 Be7 27. Rb7 Rc8 $2 28. Rd7+ Ke8 29. Rxc8+ 1-0

[Event "I/II/III Naz. UISP"]
[Site "Padova"]
[Date "1986.06.22"]
[Round "1"]
[White "Dorigo, Tommaso"]
[Black "Cesaro, Giuliano"]
[Result "1/2-1/2"]
[WhiteElo "1600"]
[BlackElo "1800"]
[Annotator "T.Dorigo"]
[PlyCount "31"]
[EventDate "1986.06.??"]
[EventType "swiss"]
[EventCountry "ITA"]

1. e4 c6 2. d4 d5 3. exd5 cxd5 4. c4 Nf6 5. Nc3 e6 6. Nf3 Bb4 7. cxd5 Nxd5 8. Bb5+ $146 (8. Qb3 Nc6 9. Bd3 Be7 (9... Qb6 10. Bd2 O-O 11. O-O Nf6 12. Be3 Be7 13. Qxb6 axb6 14. a3 Nd5 15. Nxd5 exd5 16. Rac1 Bf6 17. Rc2 Bg4 18. Ne5 Nxe5 19. dxe5 Bxe5 20. h3 Be6 21. f4 d4 22. fxe5 dxe3 23. Re1 Rac8 24. Rxe3 {Kalod,R-Nisipeanu,L/WchJM U20 1996/½-½ (37)}) 10. O-O Ndb4 11. Be4 Nxd4 12. Nxd4 Qxd4 13. Rd1 Qe5 14. Qa4+ Kf8 15. Be3 f5 16. Bf3 Rg8 17. a3 Na6 18. Rac1 Kf7 19. Nb5 Rf8 20. Bd4 Qf4 21. Qb3 Rd8 22. g3 Qb8 23. Qe3 Bf6 24. Bxf6 Rxd1+ 25. Rxd1 Kxf6 26. Rd8 {1-0 Polgar,J-Magem Badals,J/Madrid 1992/[Blatny,P]}) 8... Bd7 9. Bxd7+ Nxd7 10. Bd2 N7b6 11. Ne5 Rc8 12. Rc1 O-O 13. O-O Qh4 14. Nf3 Qg4 15. h3 Qh5 16. Qb3 1/2-1/2

[Event "I/II/III Naz. UISP"]
[Site "Padova"]
[Date "1986.06.22"]
[Round "2"]
[White "Dorigo, Tommaso"]
[Black "Timar, Andreas"]
[Result "1-0"]
[WhiteElo "1600"]
[BlackElo "1800"]
[Annotator "T.Dorigo"]
[PlyCount "87"]
[EventDate "1986.06.??"]
[EventType "swiss"]
[EventCountry "ITA"]

1. e4 e5 2. Nf3 Nc6 3. d4 exd4 4. Nxd4 Bc5 5. Nb3 Bb6 6. a4 a6 7. Nc3 Nf6 8. Bg5 h6 9. Bh4 g5 10. Bg3 d6 11. Bc4 $146 (11. Be2 Be6 12. Qd2 Qd7 13. O-O-O O-O-O 14. Kb1 Rhe8 15. f3 d5 16. exd5 Nxd5 17. Nxd5 Bxd5 18. c4 Be6 19. Qxd7+ Bxd7 20. Bd3 Nb4 21. Bh7 Bxa4 22. Rxd8+ Rxd8 23. Bf5+ Kb8 24. Nc1 Rd2 25. Re1 f6 {Ohlzon,N-Berg,S/Osterskan op 1994/0-1}) 11... Na5 12. Nxa5 Bxa5 13. Qd3 Be6 14. f3 Nh5 15. Bxe6 fxe6 16. Qd4 e5 17. Qc4 Nxg3 18. hxg3 Qf6 $2 {} 19. b4 $1 Bb6 20. a5 Bd4 21. Nd5 Qd8 $2 (21... Qf7 22. Nxc7+ Kf8 23. Qxf7+ Kxf7 24. Ra2 $16) 22. c3 $6 (22. Nxc7+ $142 Kd7 23. Nxa8 Bxa1 24. Nb6+ Ke7 25. c3 $18) 22... c6 23. cxd4 cxd5 24. Qxd5 Qc8 25. O-O exd4 26. Rac1 Qd7 27. Qxd4 O-O 28. Rc4 Rac8 29. Rfc1 Rxc4 30. Qxc4+ Kh7 31. Qc7 Rf7 32. Qxd7 Rxd7 33. Kf2 Kg6 34. g4 $6 (34. Ke3 Re7 35. Rd1 Re6 36. g4 $18) 34... d5 35. Ke3 Kf6 (35... dxe4 36. Kxe4 $1 Re7+ 37. Kd5 Rd7+ 38. Ke5 Rd2 39. Rc7 $18) 36. Rd1 Ke5 37. Rxd5+ Rxd5 38. exd5 Kxd5 39. Kd3 Ke5 40. Kc4 Kd6 41. g3 Kc6 42. f4 Kd6 43. Kd4 Ke6 44. Kc5 1-0

[Event "I/II/III Naz. UISP"]
[Site "Padova"]
[Date "1986.06.22"]
[Round "3"]
[White "Zanini"]
[Black "Dorigo, Tommaso"]
[Result "1-0"]
[WhiteElo "1600"]
[BlackElo "1600"]
[Annotator "T.Dorigo"]
[PlyCount "49"]
[EventDate "1986.06.??"]
[EventType "swiss"]
[EventCountry "ITA"]

1. c4 e5 2. Nf3 Nc6 3. d4 exd4 4. Nxd4 Bb4+ (4... Bc5 5. Nc2 Qh4 6. e3 Nf6 7. Nc3 d6 8. g3 Qg4 9. h3 Qg6 10. Nb5 Bf5 11. Ncd4 Bxd4 12. Nxd4 Be4 13. Rg1 O-O 14. Nxc6 bxc6 15. b3 d5 16. c5 d4 17. f3 Bc2 18. Qxd4 Rad8 19. Qc4 Rfe8 20. Kf2 Ne4+ 21. Ke1 Rd1+ 22. Ke2 Bd3+ 23. Kxd1 Bxc4 24. Bxc4 Rd8+ 25. Ke1 Qf6 {0-1 Wiedner,R-Grabher,H/AUT-chT 1996}) 5. Bd2 Bxd2+ $146 (5... Qf6 6. Nb5 Qxb2 7. N1c3 Nd4 8. Rb1 Nc2+ 9. Qxc2 Qxc2 10. Rxb4 Nf6 11. f3 c6 12. Nd6+ Ke7 13. c5 b6 14. e4 bxc5 15. Nf5+ Kd8 16. Rb1 d5 17. Ne3 Qxd2+ 18. Kxd2 d4 19. Na4 dxe3+ 20. Kxe3 {Chabanon,J-Kupreichik, Bad Endbach 1995/½-½}) 6. Qxd2 d6 7. g3 Nf6 8. Bg2 Bd7 9. Nc3 Rb8 10. O-O O-O 11. Rad1 Re8 12. e4 Nxd4 13. Qxd4 Bc6 14. Rfe1 a6 15. Nd5 Bxd5 16. cxd5 c6 17. dxc6 bxc6 18. b3 d5 19. exd5 Rxe1+ 20. Rxe1 Nxd5 21. Bxd5 cxd5 22. Re5 Rb5 23. a4 Rxb3 24. Qxd5 Rd3 $4 25. Qxd3 1-0

[Event "10. Lega Veneta Magistrale"]
[Site "Padova"]
[Date "1986.12.13"]
[Round "1"]
[White "Caruso, Augusto"]
[Black "Rossi, Carlo"]
[Result "0-1"]
[WhiteElo "1900"]
[BlackElo "2210"]
[Annotator "Gabriele Ballarin"]
[PlyCount "54"]
[EventDate "1986.12.13"]
[EventType "tourn"]
[EventRounds "8"]
[EventCountry "ITA"]

1. e4 c5 2. Nf3 Nc6 3. d4 cxd4 4. Nxd4 g6 5. Nc3 Bg7 6. Be3 Nf6 7. Nxc6 bxc6 8. e5 Ng8 9. f4 f6 10. Bd3 fxe5 11. f5 Nf6 12. Qf3 d5 13. O-O-O gxf5 14. Bxf5 O-O 15. Bc5 Rf7 16. Rhf1 Qe8 17. Qh3 e6 18. Bg4 Nxg4 19. Qxg4 Ba6 20. Rfe1 Rf4 21. Qg3 Qg6 22. Qxg6 hxg6 23. Bd6 Rf2 24. Bxe5 Bh6+ 25. Kb1 Rxg2 26. Bd6 Re8 27. Na4 Be2 0-1

[Event "10. Lega Veneta Magistrale"]
[Site "Padova"]
[Date "1986.12.13"]
[Round "1"]
[White "Guerra, Alessandro"]
[Black "Zanini, Giuseppe"]
[Result "0-1"]
[WhiteElo "1900"]
[BlackElo "1900"]
[Annotator "Gabriele Ballarin"]
[PlyCount "66"]
[EventDate "1986.12.13"]
[EventType "tourn"]
[EventRounds "8"]
[EventCountry "ITA"]

1. e4 e6 2. d4 d5 3. Nc3 Nf6 4. Bg5 Bb4 5. e5 h6 6. Bd2 Bxc3 7. Bxc3 Ne4 8. Bb4 c5 9. dxc5 Nxf2 10. Kxf2 Qh4+ 11. g3 Qxb4 12. Nf3 Nc6 13. Kg2 Qxc5 14. Bd3 b6 15. Qe2 Bb7 16. Rhf1 O-O 17. c3 Rad8 18. Rad1 d4 19. Qe4 g6 20. c4 Rd7 21. Kh3 Nb4 22. Qf4 Nxd3 23. Rxd3 Bxf3 24. Rdxf3 d3 25. Qxh6 Qxe5 26. Rf6 Qh5+ 27. Qxh5 gxh5 28. Kh4 Rd4+ 29. R6f4 Rfd8 30. Kxh5 e5 31. Rf5 d2 32. Rd1 e4 33. Re5 Rxc4 0-1

[Event "10. Lega Veneta Magistrale"]
[Site "Padova"]
[Date "1986.12.13"]
[Round "1"]
[White "Pinton, Maurizio"]
[Black "Cracco, Pietro"]
[Result "1/2-1/2"]
[WhiteElo "1900"]
[BlackElo "1900"]
[Annotator "Gabriele Ballarin"]
[PlyCount "70"]
[EventDate "1986.12.13"]
[EventType "tourn"]
[EventRounds "8"]
[EventCountry "ITA"]

1. e4 c5 2. c3 e6 3. d4 d5 4. e5 Nc6 5. Nf3 Qb6 6. Be2 Bd7 7. O-O cxd4 8. cxd4 Nh6 9. Nc3 Nf5 10. Na4 Qd8 11. a3 Be7 12. Nc3 Rc8 13. h3 O-O 14. Bf4 a6 15. Rc1 b5 16. Bd3 Nh4 17. Nxh4 Bxh4 18. Bb1 f5 19. Ne2 Be8 20. Qd2 Bh5 21. Ng3 Bxg3 22. fxg3 Qb6 23. Be3 Na5 24. Qd3 Nc4 25. g4 Bg6 26. gxf5 Rxf5 27. Qe2 Rxf1+ 28. Rxf1 Bxb1 29. Rxb1 Rf8 30. Rc1 Qb7 31. Bd2 Nxd2 32. Qxd2 Rc8 33. Rf1 Rc4 34. Qf4 Qe7 35. Rf2 Rc8 1/2-1/2

[Event "10. Lega Veneta Magistrale"]
[Site "Padova"]
[Date "1986.12.13"]
[Round "1"]
[White "Ruggeri, Pietro"]
[Black "Solinas, Carlo"]
[Result "1-0"]
[WhiteElo "1982"]
[BlackElo "1900"]
[Annotator "Gabriele Ballarin"]
[PlyCount "63"]
[EventDate "1986.12.13"]
[EventType "tourn"]
[EventRounds "8"]
[EventCountry "ITA"]
[SourceTitle "Ballarin Gabriele"]
[Source "Ballarin Gabrie"]
[SourceDate "2001.01.01"]
[SourceVersion "1"]
[SourceVersionDate "2001.01.01"]
[SourceQuality "1"]

1. f4 Nf6 2. Nf3 g6 3. e3 Bg7 4. Be2 O-O 5. O-O b6 6. d3 Bb7 7. Qe1 d6 8. Qh4 e6 9. c3 Nbd7 10. e4 Ne8 11. Qh3 Qe7 12. Nbd2 f5 13. d4 fxe4 14. Ng5 Nef6 15. Bg4 h6 16. Bxe6+ Kh8 17. f5 e3 18. Ndf3 e2 19. Re1 Bxf3 20. Qxf3 Rad8 21. fxg6 d5 22. Nf7+ Rxf7 23. Bxf7 Ne4 24. Rxe2 c6 25. Bd2 Nd6 26. Rf1 Qh4 27. Be1 Qg5 28. h4 Qf6 29. Qh3 Qe7 30. Bg3 Rf8 31. Qg4 Qd8 32. Be5 1-0

[Event "10. Lega Veneta Magistrale"]
[Site "Padova"]
[Date "1986.12.13"]
[Round "2"]
[White "Cracco, Pietro"]
[Black "Guerra, Alessandro"]
[Result "1/2-1/2"]
[WhiteElo "1900"]
[BlackElo "1900"]
[Annotator "Gabriele Ballarin"]
[PlyCount "76"]
[EventDate "1986.12.13"]
[EventType "tourn"]
[EventRounds "8"]
[EventCountry "ITA"]

1. c4 f5 2. Nf3 Nf6 3. g3 e6 4. Bg2 Be7 5. O-O O-O 6. d4 d6 7. Qc2 Nc6 8. Nc3 e5 9. dxe5 dxe5 10. e3 e4 11. Rd1 Qe8 12. Nd4 Ne5 13. Nce2 g5 14. f4 Nd3 15. Rxd3 exd3 16. Qxd3 Ng4 17. h3 Nh6 18. Bd5+ Kg7 19. b4 g4 20. Bb2 Bf6 21. h4 c6 22. Bg2 Qe7 23. Rd1 Re8 24. e4 fxe4 25. Qe3 Bf5 26. c5 Rad8 27. Nc1 Rd5 28. Ncb3 Red8 29. Bf1 R5d7 30. Na5 Bg6 31. f5 Nxf5 32. Nxf5+ Bxf5 33. Qg5+ Kf7 34. Bc4+ Be6 35. Rf1 Rd1 36. Qh5+ Kg7 37. Qg5+ Kf7 38. Qh5+ Kg7 1/2-1/2